000 00586nam a2200229Ia 4500
003 OSt
005 20220918204448.0
006 a|||||r|||| 00| 0
007 ta
008 220917b |||||||| |||| 00| 0 eng d
024 _a112,881
037 _cTextual
040 _aARTS
_cARTS
_beng
041 _2eng
_aeng
100 _aShanahan William O
_9112140
245 0 _aGerman Protestants face the social question
260 _aNA
_bNA
_c1954
300 _aV 1
_ccm.
490 _aInternational studies
650 _aHISTORY
999 _c236215
_d236215